000 01464cam a22004574i 4500
003 PE-LiUPU
005 20250731173542.0
008 150616s r 000 0 d
035 _a(Sirsi) a9095
040 _aPE-LiUPU
_bspa
_cPE-LiUPU
_erda
049 _aPRUA
082 0 4 _a253.2
_bS57
_221
100 1 _aSinclair, Donna,
_eautor.
245 1 4 _aThe Pastor's Wife Today.
264 1 _aNasville :
_bAbingdon,
_c1981.
300 _a126 páginas ;
_c20 cm.
336 _atext
_2rdacontent
337 _aunmediated
_2rdamedia
338 _avolume
_2rdacarrier
504 _aIncluye bibliografía.
505 0 _aThe helpmate.- The liberated woman.- Divorce and the minister's wife.- The two-career marriage.
526 _aSEG42
526 _aSEG41
526 _aSEG40
526 _aSEG39
526 _aP94
526 _aP87
526 _aP86
526 _aP85
526 _aP77
526 _aP76
526 _aP35
650 0 4 _aPASTORES (RELIGION).
910 _ajck
_bjvq
_cjck
942 _2ddc
_cBOOK
949 _a253.2 S57
_wDEWEY
_c1
_i42654
_lCCODEBUL1
_mBUL
_p00.00
_r0
_sY
_tBOOK
_u19970224
_xTEOLOGIA
_zUNKNOWN
_0COMPRA
_o.STAFF. Colección General
994 _aC0
_bPEPRU
596 _a1
999 _a253.2 S57
_wDEWEY
_c60511
_i42654
_f2021-11-30
_g5
_lCCODEBUL1
_mBUL
_r0
_sY
_tBOOK
_u2015-6-16
_xTEOLOGIA
_zUNKNOWN
_0COMPRA
_o.STAFF. Colección General
_d60511
980 _81
_gALBERTO SANCHEZ Responsable de Automatización